000 00429nam a2200121Ia 4500
008 220615s9999||||xx |||||||||||||| ||und||
100 _aMeierding, Emily
245 4 _aThe Oil Wars Myth
_bPetroleum and the Causes of International Conflict
546 _aEnglish[eng]
650 _aPolitical Science||International Relations
856 _uhttps://library.oapen.org/bitstream/20.500.12657/51030/1/external_content.epub
942 _cEB
999 _c16478
_d16478